Normal view
MARC view
- Canedo Castro, Gloria
Entry Nombre Personal
001 - NUMERO DE CONTROL
- campo de control: 35788
003 - IDENTIFICADOR DE NUMERO DE CONTROL
- campo de control: MX-MxUPN
005 - FECHA Y HORA DE LA ÜLTIMA TRANSACCIÓN
- campo de control: 20220210201753.0
008 - DATOS DE LONGITUD FIJA
- campo de control de longitud fija: 220210na acannaabn a |na |d
035 ## - NUMERO DE CONTROL
- Número de control: UPN11000007895
040 ## - FUENTE DE CATALOGACIÓN
- Agencia original de catalogación: MX-MxUPN
- Lenguaje de catalogación: spa
- Agencia de transcripción: MX-MxUPN
100 1# - ENCABEZAMIENTO - NOMBRE PERSONAL
- Nombre personal: Canedo Castro, Gloria
670 ## - FUENTE EN LA QUE SE LOCALIZARON DATOS
- Cita de la fuente: La asesoría técnico-pedagógica para favorecer el desarrollo de competencias para la vida democrática, 2003:
- Uniform Resource Identifier: portada (Gloria Canedo Castro)
680 ## - NOTA PUBLICA DE ACCESO PÚBLICO
- Frase explicativa de la referencia: Maestra en Ciencias con Especialidad en Investigaciones Educativas mexicana
902 ## - CATALOGADOR
- Catalogador: MMA/150914
